Очерк истории искусств. Вып. 2: [в 2-х вып.]; пер. с фр.
| 第一著者: | |
|---|---|
| その他の著者: | , |
| 要約: | 10-е бесплатное приложение к журналу "Вестник и Библиотека Самообразования"на 1904 г., октябрь Сер. выходила в свет в 1903-1908 гг. Текст в русской дореформенной орфографии |
| 言語: | ロシア語 |
| 出版事項: |
Санкт-Петербург, Типография Акционерного общества Брокгауз-Ефрон, 1904
|
| シリーズ: | Брокгауз-Ефрон. Библиотека самообразования |
| 主題: | |
| フォーマット: | 図書 |
| KOHA link: | https://koha.lib.tpu.ru/cgi-bin/koha/opac-detail.pl?biblionumber=312023 |
MARC
| LEADER | 00000nam0a2200000 4500 | ||
|---|---|---|---|
| 001 | 312023 | ||
| 005 | 20231102002438.0 | ||
| 035 | |a (RuTPU)RU\TPU\book\337390 | ||
| 090 | |a 312023 | ||
| 100 | |a 20151215d1904 km y0rusy50 ca | ||
| 101 | 1 | |a rus |c fre | |
| 102 | |a RU | ||
| 105 | |a a z 000zy | ||
| 200 | 1 | |a Очерк истории искусств. Вып. 2 |e [в 2-х вып.] |e пер. с фр. |f Ш. Байе |g под ред. А. И. Сомова ; пер. с фр. Е. М. Преображенской | |
| 210 | |a Санкт-Петербург |c Типография Акционерного общества Брокгауз-Ефрон |d 1904 | ||
| 215 | |a 272 с. |c с 121 рис. в тексте | ||
| 225 | 1 | |a Брокгауз-Ефрон. Библиотека самообразования | |
| 300 | |a 10-е бесплатное приложение к журналу "Вестник и Библиотека Самообразования"на 1904 г., октябрь | ||
| 300 | |a Сер. выходила в свет в 1903-1908 гг. | ||
| 300 | |a Текст в русской дореформенной орфографии | ||
| 316 | |5 63413507: М-132205 |a Нет стр. 1-10. Тит. л. отсутствует | ||
| 316 | |5 63413507: М-132205 |a На с. 272 владельческий штамп: "Из книг инж. И. Н. Бутакова" | ||
| 317 | |5 63413507: М-132205 |a Поступила в НТБ в 1970 году в составе книжного собрания профессора ТПИ И. Н. Бутакова | ||
| 606 | 1 | |a Искусство |x История |2 stltpush |3 (RuTPU)RU\TPU\subj\13188 |9 39839 | |
| 610 | 1 | |a изобразительное искусство | |
| 610 | 1 | |a архитектура | |
| 610 | 1 | |a живопись | |
| 610 | 1 | |a скульптура | |
| 610 | 1 | |a Древний мир | |
| 610 | 1 | |a средние века | |
| 610 | 1 | |a Возрождения эпоха | |
| 610 | 1 | |a Новые времена | |
| 610 | 1 | |a французское искусство после 1789 г. | |
| 610 | 1 | |a самообразование | |
| 610 | 1 | |a владельческая надпись | |
| 610 | 1 | |a владельческие знаки | |
| 610 | 1 | |a библиотека И. Н. Бутакова | |
| 675 | |a 7.03 |v 4 | ||
| 700 | 1 | |a Байе |b Ш. |c французский историк, археолог |c специалист по христианским ценностям, византолог |f 1849-1918 |g Шарль |2 stltpush |3 (RuTPU)RU\TPU\pers\35878 |9 19021 | |
| 702 | 1 | |a Сомов |b А. И. |4 340 | |
| 702 | 1 | |a Преображенская |b Е. М. |4 730 | |
| 801 | 1 | |a RU |b 63413507 |c 20151215 | |
| 801 | 2 | |a RU |b 63413507 |c 20190724 |g RCR | |
| 942 | |c BK | ||